Postavenie produktového manažéra v organizácii
Postavenie produktového manažéra v organizácii je dôležité čo poukazuje i na náplň jeho práce a činností vykonávaných v podniku, ktoré si vyžadujú znalosti z oblasti marketingu, ekonómie, predaja a poznania technológie produktu a jeho kvality. Organizácie produktovým manažérom ponúkajú samostatnú dy...
Guardado en:
| Autor principal: | |
|---|---|
| Formato: | Capítulo de libro |
| Lenguaje: | eslovaco |
| Materias: | |
| Etiquetas: |
Sin Etiquetas, Sea el primero en etiquetar este registro!
|
MARC
| LEADER | 00000naa$a2200000$$$4500 | ||
|---|---|---|---|
| 001 | 0063509 | ||
| 005 | 20240502071730.8 | ||
| 041 | 0 | |a slo | |
| 044 | |a SK | ||
| 245 | 1 | 0 | |a Postavenie produktového manažéra v organizácii |c Marta Karkalíková |
| 520 | |a Postavenie produktového manažéra v organizácii je dôležité čo poukazuje i na náplň jeho práce a činností vykonávaných v podniku, ktoré si vyžadujú znalosti z oblasti marketingu, ekonómie, predaja a poznania technológie produktu a jeho kvality. Organizácie produktovým manažérom ponúkajú samostatnú dynamickú a zodpovednú prácu a očakávajú zlepšenie pozície v konkurenčnom prostredí. Hľadajú pre svoje produktové portfólia produktových manažérov, ktorých poverujú takými činnosťami ako je aktívne sledovať trh, ovplyvňovať ho, a tiež pochopiť a predvídať požiadavky a očakávania zákazníkov. | ||
| 610 | 2 | 0 | |a manažment |
| 610 | 2 | 0 | |a manažéri |
| 610 | 2 | 0 | |a produkty |
| 610 | 2 | 0 | |a kvalita výrobkov |
| 610 | 2 | 0 | |a riadenie kvality |
| 610 | 2 | 0 | |a spokojnosť zákazníkov |
| 100 | 1 | |a Karkalíková, Marta | |